Zwycięzcy najlepszych lig w Europie 2024/25 - Statystyki

Ogólne statystyki
  • Ten quiz został rozwiązany 429 razy
  • Średni wynik to 8 z 10
Statystyki odpowiedzi
Klub Liga Kraj % Poprawnych
FC Barcelona La Liga Hiszpania
99%
FC Liverpool Premier League Anglia
99%
Bayern Monachium Bundesliga Niemcy
98%
PSG Ligue 1 Francja
98%
SSC Napoli Serie A Włochy
94%
Sporting CP Liga Portugal Portugalia
91%
PSV Eredivisie Holandia
87%
Galatasaray Super Lig Turcja
67%
Slavia Praga Chance Liga Czechy
56%
Union Saint-Gilloise Jupiler League Belgia
29%
Nie znaleziono quizów pasujących do podanych kryteriów
Rozkład punktacji
Procent ludzi z każdym wynikiem
Percentyl według liczby udzielonych odpowiedzi
Twoja historia wyników
Nie rozwiązałeś tego quizu